| 000 | 00351nam a2200145Ia 4500 | ||
|---|---|---|---|
| 008 | 150201s2005 xx 000 0 und d | ||
| 082 |
_a616.01 _bH2005P |
||
| 100 | _aPANIKER C.K. | ||
| 245 | _aTEXT BOOK OF MICROBIOLOGY | ||
| 250 | _a7TH | ||
| 260 |
_bORIENT LONGMAN _aHYDERABAD _c2005 |
||
| 300 | _a1-656 | ||
| 650 | _aMICROBIOLOGY | ||
| 942 |
_2ddc _cBK |
||
| 999 |
_c3641 _d3641 |
||